El alma y la danza ; Eupalinos, o el Arquitecto / (Record no. 150407)

MARC details
000 -LEADER
campo de control de longitud fija 00717nam a2200229 i 4500
001 - NÚMERO DE CONTROL
campo de control 150407
003 - IDENTIFICADOR DE NÚMERO DE CONTROL
campo de control ES-MaACL
005 - FECHA Y HORA DE LA ÚLTIMA TRANSACCIÓN
campo de control 20260610142459.0
007 - CAMPO FIJO DE DESCRIPCIÓN FÍSICA--INFORMACIÓN GENERAL
campo de control de longitud fija t|
008 - DATOS DE LONGITUD FIJA--INFORMACIÓN GENERAL
campo de control de longitud fija 071030s1944 sp ||||1| spa d
100 1# - ENTRADA PRINCIPAL--NOMBRE DE PERSONA
Nombre de persona Valéry, Paul,
Fechas asociadas al nombre 1871-1945
9 (RLIN) 243197
245 13 - MENCIÓN DEL TÍTULO
Título El alma y la danza ; Eupalinos, o el Arquitecto /
Mención de responsabilidad, etc. Paul Valery ; [traducción del francés por José Carner].
250 ## - MENCION DE EDICION
Mención de edición 2ª ed.
260 ## - PUBLICACIÓN, DISTRIBUCIÓN, ETC.
Lugar de publicación, distribución, etc. [S.l. :
Nombre del editor, distribuidor, etc. s.n.],
Fecha de publicación, distribución, etc. 1944.
300 ## - DESCRIPCIÓN FÍSICA
Extensión 171 p. ;
Dimensiones 21 cm.
490 1# - MENCIÓN DE SERIE
Mención de serie Biblioteca filosófica
700 1# - ENTRADA AGREGADA--NOMBRE PERSONAL
Nombre de persona Carner, Josep.
9 (RLIN) 35366
740 0# - ENTRADA AGREGADA--TÍTULO RELACIONADO/ANALÍTICO NO CONTROLADO
Título relacionado o analítico no controlado Eupalinos, o el Arquitecto.
830 00 - PUNTO DE ACCESO ADICIONAL DE SERIE-TÍTULO UNIFORME
Título uniforme Biblioteca filosófica
9 (RLIN) 179275
852 ## - LOCALIZACIÓN
Ubicación ES-MaACL
Número de control de estantería C-4099
Sublocalización o colección R.23747
Holdings
Estatus retirado Estado de pérdida Estado de daño No para préstamo Biblioteca de origen Biblioteca actual Ubicación en estantería Fecha de adquisición Fuente de adquisición Total de préstamos Signatura topográfica completa Código de barras Visto por última vez Precio de reemplazo Tipo de ítem Koha
        Biblioteca del Ateneo de Madrid Biblioteca del Ateneo de Madrid Sala Palomar 17/01/2008     C-4099 1156949 23/02/2023 23/02/2023 Libro impreso